000 00317nam a22001457a 4500
005 20151006160416.0
008 151006b xxu||||| |||| 00| 0 eng d
041 _aeng
082 _a621
_b0001
100 _aKhurmi R S
_944
245 _astrength of materials
250 _a5
260 _aDelhi
_bVikash
_c2010
942 _cBK
999 _c2
_d2